| 000 | 00478nam a2200169Ia 4500 | ||
|---|---|---|---|
| 999 |
_c12308 _d12308 |
||
| 003 | OSt | ||
| 005 | 20201005143953.0 | ||
| 008 | 190216s9999||||xx |||||||||||||| ||und|| | ||
| 040 | _coclc | ||
| 082 |
_a813.52 _bBUC/T |
||
| 100 |
_aBuck, Pearl S _94693 |
||
| 245 | 4 |
_aThe Townsman / _cPearl S Buck |
|
| 260 |
_bHind Pocket Books Pvt Ltd, _c1967. _aNew York: |
||
| 300 | _a441p | ||
| 650 | _aEnglish Novel | ||
| 942 |
_cBK _2ddc _h813.52 _iBUC/T _k813.52 _mBUC/T |
||